000 01381nam0a22003371 4500
001 RU\NLR\INFOCOMM_161\5000033240
005 20250613090847.0
035 _a(NLR Aleph) 009083160
090 _a7994920
_c7994920
100 _a20081204d1987 |||y0rusy50 ca
101 1 _aspa
_crus
102 _aRU
105 _aa z 000zy
181 0 _ai
_baxxe
182 0 _an
200 1 _aPedagogía de la educación en la familia
_fYuri Azarov
_g[trad. del ruso por E. Czerniawski]
203 _aТекст
_bвизуальный
_cнепосредственный
210 _aΜoscu
_cProgreso
_d1987
215 _a359 с.
_cил.
_d17
225 1 _aPequeña biblioteca de educación en la familia
300 _aЗагл. и авт. ориг.: Педагогика семейного воспитания / Юрий Азаров
454 0 _12001#$aПедагогика семейного воспитания$fЮрий Азаров
_1700#1$aАзаров$bЮ. П.$gЮрий Петрович
_tПедагогика семейного воспитания
_aАзаров, Юрий Петрович
606 _aВоспитание в семье
_2nlr_sh1
686 _aЧ491, 6(2), 0
_2rubbk
700 1 _aAzarov
_bJ. P.
_gJurij Petrovič
801 1 _aRU
_bNLR
_c20081204
801 0 _aRU
_bNLR
_gPSBO
852 _aNLR
_jПр11 Д-1/37
942 _cBOOK
980 _aNB